Can you believe? : (Record no. 6648)

MARC details
000 -LEADER
fixed length control field 00953cam a2200289 a 4500
001 - CONTROL NUMBER
control field 6648
003 - CONTROL NUMBER IDENTIFIER
control field FISKH
005 - DATE AND TIME OF LATEST TRANSACTION
control field 20250519093156.0
008 - FIXED-LENGTH DATA ELEMENTS--GENERAL INFORMATION
fixed length control field 020801s2002 nyua j b 000 0 eng d
010 ## - LIBRARY OF CONGRESS CONTROL NUMBER
LC control number 2002283994
020 ## - INTERNATIONAL STANDARD BOOK NUMBER
International Standard Book Number 0439356105
020 ## - INTERNATIONAL STANDARD BOOK NUMBER
International Standard Book Number 9780439356107
040 ## - CATALOGING SOURCE
Original cataloging agency DUQ
Transcribing agency DUQ
Modifying agency DLC
Language of cataloging eng
050 ## - LIBRARY OF CONGRESS CALL NUMBER
Classification number QC944 .M37
082 ## - DEWEY DECIMAL CLASSIFICATION NUMBER
Classification number 551.55
100 1# - MAIN ENTRY--PERSONAL NAME
Personal name Markle, Sandra.
245 10 - TITLE STATEMENT
Title Can you believe? :
Remainder of title hurricanes /
Statement of responsibility, etc. by Sandra Markle ; illustrations by Jo-Ellen C. Bosson.
260 ## - PUBLICATION, DISTRIBUTION, ETC.
Place of publication, distribution, etc. New York :
Name of publisher, distributor, etc. Scholastic,
Date of publication, distribution, etc. 2002.
300 ## - PHYSICAL DESCRIPTION
Extent 48 pages :
Other physical details color illustrations ;
Dimensions 21 x 26 cm.
504 ## - BIBLIOGRAPHY, ETC. NOTE
Bibliography, etc. note Includes bibliographical references (p. 48).
520 ## - SUMMARY, ETC.
Summary, etc. Describes the causes, characteristics and destructive forces of hurricanes.
650 #0 - SUBJECT ADDED ENTRY--TOPICAL TERM
Topical term or geographic name entry element Hurricanes
Form subdivision Juvenile literature.
700 1# - ADDED ENTRY--PERSONAL NAME
Personal name Bosson, Jo-Ellen,
Dates associated with a name 1941-
Relator term illustrator
906 ## - LOCAL DATA ELEMENT F, LDF (RLIN)
a 7
b cbc
c copycat
d 3
e ncip
f 20
g y-gencatlg
942 ## - ADDED ENTRY ELEMENTS (KOHA)
Source of classification or shelving scheme Dewey Decimal Classification
Koha item type Books
Suppress in OPAC No
Holdings
Withdrawn status Lost status Source of classification or shelving scheme Damaged status Not for loan Collection Home library Current library Shelving location Date acquired Total Checkouts Full call number Barcode Date last seen Copy number Price effective from Koha item type
    Dewey Decimal Classification     Non-Fiction Footprints International School Library Network Toul Kork Campus Footprints International School Library Network Toul Kork Campus A TK Campus, 4th Floor, Room B401, Non-Fiction Bookcases(7-8) 05/19/2025   MAR 551.55 QC944 .M37 FISTK02471 05/19/2025 1 05/19/2025 Books